مكتبة جامعة عجلون الوطنية

فهرس بحث المكتبة

دور الحوكمة الرقمية في تعزيز امان المعاملات المصرفية الإسلامية من وجهة نظر العاملين في البنوك الإسلامية الأردنية =The Role of Digital Governance in Enhancing the Security of Islamic Banking Transactions from the Perspective of Employees in Jordanian Islamic Banks (Record no. 34172)

MARC details
000 -LEADER
fixed length control field 01243nam a22001937a 4500
003 - CONTROL NUMBER IDENTIFIER
control field JO-AjAnu
005 - DATE AND TIME OF LATEST TRANSACTION
control field 20260418092646.0
008 - FIXED-LENGTH DATA ELEMENTS--GENERAL INFORMATION
fixed length control field 260418b jo ||||| |||| 00| 0 ara d
040 ## - CATALOGING SOURCE
Original cataloging agency ANU
Transcribing agency JO-AjAnu
041 ## - LANGUAGE CODE
Language code of original ARA
100 ## - MAIN ENTRY--PERSONAL NAME
Personal name القضاة، ايمن محمود مصطفى
Relator term معد
9 (RLIN) 66941
245 ## - TITLE STATEMENT
Title دور الحوكمة الرقمية في تعزيز امان المعاملات المصرفية الإسلامية من وجهة نظر العاملين في البنوك الإسلامية الأردنية =The Role of Digital Governance in Enhancing the Security of Islamic Banking Transactions from the Perspective of Employees in Jordanian Islamic Banks
Statement of responsibility, etc. / ايمن محمود مصطفى القضاة ؛ اشراف محي الدين يعقوب ابو الهول
260 ## - PUBLICATION, DISTRIBUTION, ETC.
Place of publication, distribution, etc. عجلون:
Name of publisher, distributor, etc. جامعة عجلون الوطنية؛
Date of publication, distribution, etc. 2026
300 ## - PHYSICAL DESCRIPTION
Extent 135 ورقة
500 ## - GENERAL NOTE
General note رسالة جامعية (رسالة ماجستير في المصارف الاسلامية-كلية الاعمال) جامعة عجلون الوطنية؛ 2026
650 ## - SUBJECT ADDED ENTRY--TOPICAL TERM
Form subdivision البنوك الاسلامية-الاقتصاد الاسلامي
700 ## - ADDED ENTRY--PERSONAL NAME
Personal name ابو الهول، محي الدين يعقوب
9 (RLIN) 64950
Relator term مشرف
942 ## - ADDED ENTRY ELEMENTS (KOHA)
Source of classification or shelving scheme Library of Congress Classification
Koha item type Thesis
Suppress in OPAC No
Holdings
Withdrawn status Lost status Source of classification or shelving scheme Damaged status Not for loan Home library Current library Date acquired Total Checkouts Full call number Barcode Date last seen Price effective from Koha item type
    Library of Congress Classification     مكتبة جامعة عجلون الوطنية مكتبة جامعة عجلون الوطنية 18/04/2026   HG3368.2026 A30638 18/04/2026 18/04/2026 Thesis
    Library of Congress Classification     مكتبة جامعة عجلون الوطنية مكتبة جامعة عجلون الوطنية 18/04/2026   HG3368.2026 A30639 18/04/2026 18/04/2026 Thesis